000 03426cam a2200337 i 4500
005 20180312143027.0
008 151209s2014 xxuab frb 001 0 eng d
020 _a9780226117911
020 _a9780226118079
020 _a9780226118109
020 _a022611807X
020 _z022611791X
035 _a(OCoLC)856861452
_z(OCoLC)882563512
040 _aCo-BoUCM
_bspa
_cSaul Niño
_dSaul Niño
041 0 _aeng
100 1 _aChazdon, Robin Lee
_d1957-
_974248
245 1 0 _aSecond growth
_bthe promise of tropical forest regeneration in an age of deforestation
_cRobin L. Chazdon
260 _aChicago (Illinois, Estados Unidos)
_bThe University of Chicago Press
_c2014
300 _axx, 449 páginas
_bilustraciones, mapas
504 _aIncluye referencias bibliográficas e índices
505 0 _aPerceptions of tropical forests and natural regeneration -- Ancient human legacies in tropical forest landscapes -- Landscape transformation and tropical forest regeneration through prehistory -- Tropical forest dynamics and disturbance regimes -- Successional pathways and forest transformations -- Tropical forest succession on newly created substrates -- Forest regeneration following agricultural land uses -- Forest regeneration following hurricanes and fires -- Forest regeneration following selective logging and land-use synergisms -- Functional traits and community assembly during secondary succession -- Recovery of ecosystem functions during forest regeneration -- Animal diversity and plant-animal interactions in regenerating forests -- Tropical reforestation pathways -- Regenerating forests in tropical landscapes -- Synthesis: The promise of tropical forest regeneration in an age of deforestation.
520 _a"For decades, conservation and research initiatives in tropical forests have focused almost exclusively on old-growth forests because scientists believed that these 'pristine' ecosystems housed superior levels of biodiversity. With Second Growth, Robin L. Chazdon reveals those assumptions to be largely false, bringing to the fore the previously overlooked counterpart to old-growth forest: second growth. Even as human activities result in extensive fragmentation and deforestation, tropical forests demonstrate a great capacity for natural and human-aided regeneration. Although these damaged landscapes can take centuries to regain the characteristics of old growth, Chazdon shows here that regenerating--or second-growth--forests are vital, dynamic reservoirs of biodiversity and environmental services. What is more, they always have been. With chapters on the roles these forests play in carbon and nutrient cycling, sustaining biodiversity, providing timber and non-timber products, and integrated agriculture, Second Growth not only offers a thorough and wide-ranging overview of successional and restoration pathways, but also underscores the need to conserve, and further study, regenerating tropical forests in an attempt to inspire a new age of local and global stewardship."--Publisher's Web site.
650 7 _aReforestación
_923273
_xInvestigaciones
650 7 _aEcología forestal
_913642
650 7 _aEcología
_2fast
_913631
650 7 _aBiodiversidad
_910097
650 7 _aBosques tropicales
_910200
_xInvestigaciones
690 _942755
_aCiencias naturales
942 _2DEWEY
_a25
_cLIBRO
_e1
_h577.3
_mC513se
_n0
999 _c301796
_d301796